Words and Phrases Legally Defined : (Record no. 68)

MARC details
000 -LEADER
fixed length control field 00686nam a22002177a 4500
003 - CONTROL NUMBER IDENTIFIER
control field OSt
005 - DATE AND TIME OF LATEST TRANSACTION
control field 20170706205803.0
008 - FIXED-LENGTH DATA ELEMENTS--GENERAL INFORMATION
fixed length control field 170706b xxu||||| |||| 00| 0 eng d
020 ## - INTERNATIONAL STANDARD BOOK NUMBER
International Standard Book Number 0406080402 (set)
040 ## - CATALOGING SOURCE
Original cataloging agency LDCLIB
Transcribing agency LDCLIB
082 04 - DEWEY DECIMAL CLASSIFICATION NUMBER
Classification number Ref. 340.03
Edition number 22
Item number WOR
245 00 - TITLE STATEMENT
Title Words and Phrases Legally Defined :
Remainder of title A-C /
Statement of responsibility, etc edited by John B. Saunders.
250 ## - EDITION STATEMENT
Edition statement 3rd ed. Vol.1
260 ## - PUBLICATION, DISTRIBUTION, ETC. (IMPRINT)
Place of publication, distribution, etc London :
Name of publisher, distributor, etc Butterworths,
Date of publication, distribution, etc 1988.
300 ## - PHYSICAL DESCRIPTION
Extent 394 p. ;
Dimensions 26 cm.
500 ## - GENERAL NOTE
General note "Under the general editorship of John B. Saunders."
500 ## - GENERAL NOTE
General note Kept up to date by supplements.
650 #0 - SUBJECT ADDED ENTRY--TOPICAL TERM
Topical term or geographic name as entry element Law
Geographic subdivision Great Britain
General subdivision Terminology.
9 (RLIN) 172
700 1# - ADDED ENTRY--PERSONAL NAME
Personal name Saunders, John Beecroft.
9 (RLIN) 173
942 ## - ADDED ENTRY ELEMENTS (KOHA)
Source of classification or shelving scheme Dewey Decimal Classification
Koha item type Books
Holdings
Withdrawn status Lost status Source of classification or shelving scheme Damaged status Not for loan Home library Current library Shelving location Date acquired Total Checkouts Full call number Barcode Date last seen Price effective from Koha item type
    Dewey Decimal Classification     Law Development Centre Main Library Law Development Centre Main Library Text Books and Laws 04/07/2011   Ref. 340.03 2011/2576 04/07/2011 04/07/2011 Books